Making of a good lawyer / (Record no. 67023)

MARC details
000 -LEADER
fixed length control field 00503nam a22001817a 4500
005 - DATE AND TIME OF LATEST TRANSACTION
control field 20191126175914.0
010 ## - LCCN (DPL NO)
LC control number B-167939
020 ## - INTERNATIONAL STANDARD BOOK NUMBER
International Standard Book Number 8175344474
Terms of availability 125.00
035 ## - SYSTEM CONTROL NUMBER
System control number B-167938, B-167943
035 ## - SYSTEM CONTROL NUMBER
System control number B-167939
037 ## - SOURCE OF ACQUISITION
Stock number DPL
Source of stock number/acquisition ENG
100 ## - MAIN ENTRY--PERSONAL NAME
Personal name Swarup, Jagadish
245 ## - TITLE STATEMENT
Title Making of a good lawyer /
Statement of responsibility, etc by Jagadish Swarup
250 ## - EDITION STATEMENT
Edition statement 2nd ed.
260 ## - PUBLICATION, DISTRIBUTION, ETC. (IMPRINT)
Place of publication, distribution, etc New Delhi
Name of publisher, distributor, etc Universal Law Publishing Co.
Date of publication, distribution, etc 2005
300 ## - PHYSICAL DESCRIPTION
Extent xv, 114p.
Dimensions 18 cms.
942 ## - ADDED ENTRY ELEMENTS (KOHA)
Source of classification or shelving scheme Dewey Decimal Classification
Item type English Books
Classification part 340.02
Call number suffix JAG
Holdings
Withdrawn status Lost status Not for loan Collection code Home library Current library Date acquired Cost, normal purchase price Full call number Barcode Cost, replacement price Koha item type Source of acquisition Copy number
      Non-fiction R.K.Puram-8 R.K.Puram-8 26/11/2019 125.00 340.02 JAG B-167939 125.00 English Books BPPD/Purchase 1
      Non-fiction Sarojini Nagar Sarojini Nagar 22/05/2012 125.00 340.02 JAG B-167938 125.00 English Books    
      Non-fiction Shahdara Branch Shahdara Branch 01/08/2018 125.00 340.02 JAG B-167943 125.00 English Books BPPD/PUB  

© Delhi Public Library
Hit Counter
free hit counter